00538nam a2200193 a 4500001001300000003000900013005001700022008004100039020001000080082001800090100001800108245004300126260004100169300001000210500003500220505004300255650002800298700001800326nice12345678IN_TiNIC20260116012213.0050524s1909 laha grp 000 0 eng  ac10000a297.1224bALI aAli, Mohammad aPurity of the Text of the Holy Qur`an. aLahorebCentral Printing Worksc1909 a116p. aincludes index and biblioraphy2 amohammadan tract and book depot.punjab aQuran-Textual Criticism1 aAli, Mohammad